000 00839nam a22002177a 4500
005 20170124110119.0
010 _aA-020198
020 _c00.00
_a9231016652
035 _aA-020198
037 _bCen Lib/Ret
040 _aDPL
_bEN
082 _a704.948
_bISL
245 _aThe Islamic city :
_cedited by R. B. Serjeant
_bselected papers from the colloquium held at the Middle East Centre, Faculty of Oriental Studies, Cambridge, United Kingdom, from 19 to 23 July 1976 /
260 _aParis
_bUNESCO
_c1980
270 _bParis
_a7 Place de Fontenoy
_e75700
300 _a210p. :
_c22cm(Hb)
_bill.
650 _aIslamic cities and towns -- Arab countries -- Congresses
_930292
650 _aCities and towns -- Arab countries -- Congresses
_930293
700 _aSerjeant, R. B.
_930294
942 _2ddc
_cEN
_h704.948
_mISL
999 _c130864
_d130864